1532 1800 1138 1871 1504 1485 1484 1139 1465 1932 1572 1800 1806 1543 1133 1860 1612 1296 1045 1220 1245 1497 1311 1106 1876 1219 1820 1763 1251 1341 1809 1048 1861 1172 1511 1455 1098 1485 1587 1185 1630 1910 1424 1074 1979 1059 1616 1208 1453 1383 1773 1721 1789 1279 1799 1839 1870 1878 1421 1969 1367 1186 1135 1461 1774 1553 1681 1416 1480 1846 1160 1707 1432 1323 1536 1252 1318 1888 1832 1042 1191 1151 1870 1342 1264 1629 1872 1454 1920 1157 1067 1360 1848 1840 1596 1285 1477 1660 1004 BCNSPRNW ULIB Ver.6.0+V

เปลี่ยนเป็นภาษาไทย

Change to English
 แสดงรายละเอียดบรรณานุกรม
  กลับหน้าหลัก

Brief Record : Get Marc (ISO 2709) : E-mail record : QR code < ปิดหน้าต่าง
LEADER : 00000nam 2200000uu 4500
001    13399124774
003     ULIB
008    020711s2015 th a 000 0 eng d
020    9781259252907
060    QV4^bK20B
100    Bertram G. Katzung
245    Basic & clinical pharmacology./^cBertram G. Katzung,Anthony J. Trevor.
250    13th ed.th ed
260    New york :^bMcGraw-Hill,^c2015
300    1203 pages;^b27.5 cm
650    pharmacology
700    Anthony J. Trevor.
945    ^p0^l0^i23285
รายการนี้ยังไม่มีแท็ก
คุณยังไม่ได้ล็อกอิน คุณสามารถมีกิจกรรมร่วมกับเว็บไซต์ได้ แต่ต้องล็อกอินก่อน ::
  ล็อกอิน

รายการสื่อสารสนเทศ

ลำดับที่ ประเภท เลขเรียก/บาร์โค้ด สถานที่ สถานะ
1. วิทยาศาสตร์การแพทย์ และสุขภาพ
วิทยาศาสตร์การแพทย์ และสุขภาพ
QV4 K20B ฉ.1 
  Barcode: 23285
ห้องสมุดวิทยาเขตนครสวรรค์
►หนังสือทั่วไป:l:General Books
บนชั้น

รายการใกล้เคียง
    หัวเรื่อง [pharmacology]

BibComment


ยังไม่เคยถูกคอมเมนท์

คอมเมนท์ทรัพยากรรายการนี้
  คอมเมนท์: Basic clinical p..


 Copyright 2026. Bcnsprnw @Library